| 000 | 00522nam a22001577a 4500 | ||
|---|---|---|---|
| 003 | macl | ||
| 005 | 20191012131518.0 | ||
| 008 | 191012b xxu||||| |||| 00| 0 eng d | ||
| 040 | _cmacl | ||
| 082 | _a891.431/KUM/P | ||
| 100 |
_aराजकुमार कुम्भज _976943 |
||
| 245 | _aशायद ये जंगल कभी घर बने | ||
| 260 |
_aदिल्ली _bदिल्ली पुस्तक सदन _c2018 |
||
| 650 |
_aकविताए _967940 |
||
| 942 |
_2ddc _cHIN |
||
| 999 |
_c61196 _d61196 |
||